Principes, Tâches Et Problèmes De La Croix-Rouge Dans Le Droit Des Gens / (Record no. 70118)
[ view plain ]
| 000 -LEADER | |
|---|---|
| fixed length control field | 01058nam a2200289 i 4500 |
| 003 - CONTROL NUMBER IDENTIFIER | |
| control field | EG-GICUC |
| 005 - DATE AND TIME OF LATEST TRANSACTION | |
| control field | 20260411183747.0 |
| 008 - FIXED-LENGTH DATA ELEMENTS--GENERAL INFORMATION | |
| fixed length control field | 260411s1944 sz |||fr|||| 00| 0 fre d |
| 040 ## - CATALOGING SOURCE | |
| Original cataloging agency | EG-GICUC |
| Language of cataloging | fre |
| Transcribing agency | EG-GICUC |
| Modifying agency | EG-GICUC |
| Description conventions | rda |
| 082 04 - DEWEY DECIMAL CLASSIFICATION NUMBER | |
| Edition number | 21 |
| Classification number | 341.65 |
| Item number | HU . P |
| 092 04 - LOCALLY ASSIGNED DEWEY CALL NUMBER (OCLC) | |
| Edition number | 21 |
| 099 ## - LOCAL FREE-TEXT CALL NUMBER (OCLC) | |
| Classification number | Law1 11 341.65 HU . P 1944 |
| 100 1# - MAIN ENTRY--PERSONAL NAME | |
| Personal name | Huber,Max |
| Relator term | Auteur |
| 245 02 - TITLE STATEMENT | |
| Title | Principes, Tâches Et Problèmes De La Croix-Rouge Dans Le Droit Des Gens / |
| Statement of responsibility, etc. | Max Huber. |
| 264 #1 - PRODUCTION, PUBLICATION, DISTRIBUTION, MANUFACTURE, AND COPYRIGHT NOTICE | |
| Place of production, publication, distribution, manufacture | Genève: |
| Name of producer, publisher, distributor, manufacturer | Comité International De La Croix-Rouge, |
| Date of production, publication, distribution, manufacture, or copyright notice | 1944. |
| 300 ## - PHYSICAL DESCRIPTION | |
| Extent | 52 Pages; |
| Dimensions | 24 cm. |
| 336 ## - CONTENT TYPE | |
| Source | rda content |
| Content type term | text |
| 337 ## - MEDIA TYPE | |
| Source | rda media |
| Media type term | Computer |
| 338 ## - CARRIER TYPE | |
| Source | rda carrier |
| Carrier type term | Online Resource |
| 500 ## - GENERAL NOTE | |
| General note | Extrait De La Revue Internationale De La Croix-Rouge (26e Année, N° 310-312, Octobre, Novembre, Décembre 1944) |
| 546 ## - LANGUAGE NOTE | |
| Language note | Texte en français |
| 650 04 - SUBJECT ADDED ENTRY--TOPICAL TERM | |
| Topical term or geographic name entry element | Droit International Public |
| 650 04 - SUBJECT ADDED ENTRY--TOPICAL TERM | |
| Topical term or geographic name entry element | Comité International de la Croix-Rouge |
| 856 40 - ELECTRONIC LOCATION AND ACCESS | |
| Uniform Resource Identifier | <a href="https://fll.law.cu.edu.eg/fulltext/bks/B11-09787.pdf">https://fll.law.cu.edu.eg/fulltext/bks/B11-09787.pdf</a> |
| 905 ## - Cataloger and Reviser Names | |
| Cataloger Name: | Logain Ashraf |
| 942 ## - ADDED ENTRY ELEMENTS (KOHA) | |
| Source of classification or shelving scheme | Dewey Decimal Classification |
| Koha item type | Books |
| Edition | 21 |
| Suppress in OPAC | No |
| Withdrawn status | Lost status | Source of classification or shelving scheme | Damaged status | Not for loan | Collection | Home library | Current library | Date acquired | Total checkouts | Full call number | Barcode | Date last seen | Copy number | Price effective from | Koha item type |
|---|---|---|---|---|---|---|---|---|---|---|---|---|---|---|---|
| Dewey Decimal Classification | Not for loan | القانون الدولي العام | جــــامعة القــاهرة | مكتبة كلية الحقوق - المبنى الرئيسي | 11.04.2026 | Law1 11 341.65 HU . P 1944 1109787 C1 | B11-09787 | 11.04.2026 | 1 | 11.04.2026 | Books |